| 000 | 00527nam a2200169Ia 4500 | ||
|---|---|---|---|
| 003 | IN-BaIIA | ||
| 008 | 211028s9999 xx 000 0 eng d | ||
| 040 | _cIIA Library | ||
| 080 |
_a523.9 _bDES |
||
| 100 |
_aDeslandres, H. A. _91441 |
||
| 245 | 0 |
_aHistoire des idees et des recherches sur le soleil, revelation recente de l'atmosphere entiere de l'astre (in French) _cH. A. Deslandres |
|
| 260 |
_aParis _bGauthier Villars _c1906 |
||
| 300 | _avii, 147p. | ||
| 650 |
_aSolar physics _91442 |
||
| 650 |
_aSun _91200 |
||
| 942 | _cBK | ||
| 999 |
_c663 _d663 |
||